| 000 | 00349nam a22001457a 4500 | ||
|---|---|---|---|
| 003 | SGT | ||
| 020 | _a9788172210465 | ||
| 082 |
_a320 _bR10S |
||
| 100 | _aSHASTRI, YUGALKISHOR SHARAN | ||
| 245 | _aRAAM JANAM BHUMI BANAM BABRI MASZID | ||
| 260 |
_bFAROS MEDIA AND PUBLISHING _c2010 |
||
| 300 | _a64 | ||
| 650 | _aPOLITICAL SCIENCE | ||
| 942 |
_2ddc _cBK |
||
| 999 |
_c28154 _d28154 |
||